| Поле | Название | Значение |
| |
Тип записи |
a |
| |
Библиографический уровень |
m |
| 001 |
Контрольный номер |
RU/URAIT/585483 |
| 005 |
Дата корректировки |
20260429163609.9 |
| 008 |
Кодируемые данные |
260429s2026 RU y f j 000 0 rus u |
| 020 |
Индекс ISBN |
__ |
| a |
ISBN |
978-5-534-07632-5 |
| c |
Цена, тираж |
1309.00 |
| 040 |
Источник каталогиз. |
__ |
| a |
Служба первич. каталог. |
ИКО Юрайт |
| c |
Служба, преобразующая запись |
ИКО Юрайт |
| e |
Правила каталог. |
RCR |
| 041 |
Код языка издания |
__ |
| a |
Код языка текста |
rus |
| 044 |
Код страны публикации |
__ |
| a |
Код страны публикации |
RU |
| 080 |
Индекс УДК |
__ |
| a |
Индекс УДК |
769(075.8) |
| 084 |
Индекс другой классификации/Индекс ББК |
__ |
| 2 |
Источник индекса |
rubbk |
| a |
Индекс другой классификации/Индекс ББК |
75я73 |
| 100 |
Автор |
__ |
| a |
Автор |
Никитушкин В. Г. |
| q |
Полное имя |
Никитушкин Виктор Григорьевич |
| 245 |
Заглавие |
__ |
| a |
Заглавие |
Основы научно-методической деятельности в области физической культуры и спорта |
| b |
Продолж. заглавия |
учебник для вузов |
| c |
Ответственность |
В. Г. Никитушкин. |
| 250 |
Сведения об издании |
__ |
| g |
|
испр. и доп |
| a |
Основные сведения об издании |
2-е изд. |
| 256 |
Характеристики компьютерного файла |
__ |
| a |
Характеристики компьютерного файла |
Электрон. дан. |
| 260 |
Выходные данные |
__ |
| a |
Место издания |
Москва |
| b |
Издательство |
Юрайт |
| c |
Дата издания |
2026 |
| 300 |
Физическое описание |
__ |
| a |
Объем |
232 с |
| 440 |
Серия |
__ |
| a |
Серия |
Высшее образование |
| 500 |
Примечания |
__ |
| a |
Примечание |
URL: https://urait.ru/bcode/585483 (дата обращения: 29.04.2026). |
| 520 |
Аннотация |
__ |
| a |
Аннотация |
В учебном пособии изложена научная и методическая деятельность в области физической культуры и спорта, представлены виды научных и методических работ, дана общая характеристика современных научных методов исследования в физической культуре и спорте, а также показаны современные информационные технологии в обучении студентов. Книга дополнена контрольными вопросами, которые помогут студентам освоить материалы пособия. |
| 538 |
Прим. о системных особенностях |
__ |
| a |
Прим. о системных особенностях |
Режим доступа: Электронно-библиотечная система Юрайт, для авториз. пользователей |
| 653 |
Ключевые слова |
__ |
| a |
Ключевые слова |
Физическая культура |
| 653 |
Ключевые слова |
__ |
| a |
Ключевые слова |
Гуманитарные науки |
| 653 |
Ключевые слова |
__ |
| a |
Ключевые слова |
Методология научного творчества |
| 653 |
Ключевые слова |
__ |
| a |
Ключевые слова |
Организация научных исследований |
| 653 |
Ключевые слова |
__ |
| a |
Ключевые слова |
Основы научно-методической деятельности |
| 653 |
Ключевые слова |
__ |
| a |
Ключевые слова |
Методология научных исследований |
| 653 |
Ключевые слова |
__ |
| a |
Ключевые слова |
Методы и средства научных исследований |
| 653 |
Ключевые слова |
__ |
| a |
Ключевые слова |
Методика научных исследований |
| 653 |
Ключевые слова |
__ |
| a |
Ключевые слова |
Методы научных исследований |
| 653 |
Ключевые слова |
__ |
| a |
Ключевые слова |
Методика научно-исследовательской работы |
| 653 |
Ключевые слова |
__ |
| a |
Ключевые слова |
Научно-методическая деятельность |
| 653 |
Ключевые слова |
__ |
| a |
Ключевые слова |
Философия и методология научного знания |
| 653 |
Ключевые слова |
__ |
| a |
Ключевые слова |
Методология и методика научных исследований |
| 653 |
Ключевые слова |
__ |
| a |
Ключевые слова |
Методология и методы организации научного исследования |
| 653 |
Ключевые слова |
__ |
| a |
Ключевые слова |
Методология научного исследования |
| 653 |
Ключевые слова |
__ |
| a |
Ключевые слова |
Методология научного познания |
| 653 |
Ключевые слова |
__ |
| a |
Ключевые слова |
Основы научных исследований |
| 653 |
Ключевые слова |
__ |
| a |
Ключевые слова |
Основы организации научно-исследовательской работы |
| 653 |
Ключевые слова |
__ |
| a |
Ключевые слова |
История и методология научных исследований в области спорта |
| 653 |
Ключевые слова |
__ |
| a |
Ключевые слова |
Методология и методы научного исследования |
| 653 |
Ключевые слова |
__ |
| a |
Ключевые слова |
Основы исследовательской деятельности |
| 653 |
Ключевые слова |
__ |
| a |
Ключевые слова |
Организация научно-исследовательской работы |
| 653 |
Ключевые слова |
__ |
| a |
Ключевые слова |
Основы методологии научного исследования |
| 653 |
Ключевые слова |
__ |
| a |
Ключевые слова |
Основы научной деятельности студента |
| 653 |
Ключевые слова |
__ |
| a |
Ключевые слова |
Основы научно-исследовательской работы студентов |
| 653 |
Ключевые слова |
__ |
| a |
Ключевые слова |
Научно-исследовательская работа |
| 653 |
Ключевые слова |
__ |
| a |
Ключевые слова |
Методическое обеспечение организации физкультурной и спортивной деятельности |
| 653 |
Ключевые слова |
__ |
| a |
Ключевые слова |
Научные исследования в области физической культуры и спорта |
| 653 |
Ключевые слова |
__ |
| a |
Ключевые слова |
Основы научно-методической деятельности в физической культуре и спорте |
| 653 |
Ключевые слова |
__ |
| a |
Ключевые слова |
Основы научной деятельности |
| 653 |
Ключевые слова |
__ |
| a |
Ключевые слова |
Методология и методика научного исследования |
| 653 |
Ключевые слова |
__ |
| a |
Ключевые слова |
Основы научно-исследовательской деятельности |
| 653 |
Ключевые слова |
__ |
| a |
Ключевые слова |
Основы научного исследования |
| 653 |
Ключевые слова |
__ |
| a |
Ключевые слова |
НИР: научно-исследовательская работа |
| 653 |
Ключевые слова |
__ |
| a |
Ключевые слова |
Организация учебно-исследовательской работы (адаптивный спорт) |
| 653 |
Ключевые слова |
__ |
| a |
Ключевые слова |
Организация учебно-исследовательской работы (физкультурное образование) |
| 653 |
Ключевые слова |
__ |
| a |
Ключевые слова |
Организация учебно-исследовательской работы (физкультурно-оздоровительные технологии) |
| 653 |
Ключевые слова |
__ |
| a |
Ключевые слова |
Основы методологии научных исследований |
| 653 |
Ключевые слова |
__ |
| a |
Ключевые слова |
Научно-педагогические исследования в области физической культуры |
| 653 |
Ключевые слова |
__ |
| a |
Ключевые слова |
Основы научно-исследовательской работы |
| 653 |
Ключевые слова |
__ |
| a |
Ключевые слова |
Методика научно-исследовательской работы студентов |
| 653 |
Ключевые слова |
__ |
| a |
Ключевые слова |
Организация научно-исследовательской деятельности |
| 653 |
Ключевые слова |
__ |
| a |
Ключевые слова |
Основы организации научных исследований |
| 653 |
Ключевые слова |
__ |
| a |
Ключевые слова |
Научно-исследовательская деятельность |
| 653 |
Ключевые слова |
__ |
| a |
Ключевые слова |
Методы и методология научного исследования |
| 653 |
Ключевые слова |
__ |
| a |
Ключевые слова |
Организация и методология научных исследований |
| 653 |
Ключевые слова |
__ |
| a |
Ключевые слова |
Научные исследования |
| 653 |
Ключевые слова |
__ |
| a |
Ключевые слова |
Методы научных исследований в спорте |
| 653 |
Ключевые слова |
__ |
| a |
Ключевые слова |
Философия и методология научных исследований |
| 653 |
Ключевые слова |
__ |
| a |
Ключевые слова |
Теория и методология научного исследования |
| 653 |
Ключевые слова |
__ |
| a |
Ключевые слова |
Организация и методология научного исследования |
| 653 |
Ключевые слова |
__ |
| a |
Ключевые слова |
Философия и методология научных |
| 653 |
Ключевые слова |
__ |
| a |
Ключевые слова |
Научно-методическая деятельность в физической культуре и спорте |
| 653 |
Ключевые слова |
__ |
| a |
Ключевые слова |
Современные методы научных исследований в физической культуре и спорте |
| 653 |
Ключевые слова |
__ |
| a |
Ключевые слова |
Методология и методы научных исследований в физической культуре и массовом спорте |
| 653 |
Ключевые слова |
__ |
| a |
Ключевые слова |
Методология и организация научных исследований |
| 653 |
Ключевые слова |
__ |
| a |
Ключевые слова |
Методика и методология научного исследования |
| 653 |
Ключевые слова |
__ |
| a |
Ключевые слова |
Теория и методика научных исследований |
| 653 |
Ключевые слова |
__ |
| a |
Ключевые слова |
Основы научно-методической деятельности в физической культуре |
| 653 |
Ключевые слова |
__ |
| a |
Ключевые слова |
Информационные технологии в научно- исследовательской деятельности в физической культуре и спорте |
| 653 |
Ключевые слова |
__ |
| a |
Ключевые слова |
Научно-исследовательская деятельность в области физической культуры |
| 653 |
Ключевые слова |
__ |
| a |
Ключевые слова |
Основы научно-методической деятельности в сфере физической культуры и спорта |
| 653 |
Ключевые слова |
__ |
| a |
Ключевые слова |
Методология и Организация научного исследования |
| 653 |
Ключевые слова |
__ |
| a |
Ключевые слова |
Основы методики научных исследований |
| 653 |
Ключевые слова |
__ |
| a |
Ключевые слова |
Научно-методическое сопровождение образовательного и тренировочного процесса в сфере физической культуры и спорта |
| 653 |
Ключевые слова |
__ |
| a |
Ключевые слова |
История и методология образования в области физической культуры |
| 653 |
Ключевые слова |
__ |
| a |
Ключевые слова |
Методология и методика научных исследований в области физической культуры |
| 653 |
Ключевые слова |
__ |
| a |
Ключевые слова |
Методология научных исследований в образовании в области физической культуры |
| 653 |
Ключевые слова |
__ |
| a |
Ключевые слова |
Теория и методология научного проекта |
| 653 |
Ключевые слова |
__ |
| a |
Ключевые слова |
Основа научных исследований |
| 653 |
Ключевые слова |
__ |
| a |
Ключевые слова |
Основы НИР |
| 653 |
Ключевые слова |
__ |
| a |
Ключевые слова |
Методология научно-исследовательской деятельности |
| 653 |
Ключевые слова |
__ |
| a |
Ключевые слова |
Основы организационно-методической деятельности в физической культуре и спорте |
| 653 |
Ключевые слова |
__ |
| a |
Ключевые слова |
Философия и методология научно-исследовательской деятельности |
| 653 |
Ключевые слова |
__ |
| a |
Ключевые слова |
Методы и методология научного исследования в сфере физической культуры и спорта |
| 653 |
Ключевые слова |
__ |
| a |
Ключевые слова |
Научно-исследовательская деятельность в спорте |
| 653 |
Ключевые слова |
__ |
| a |
Ключевые слова |
Научно-исследовательская деятельность в физической культуре и спорте |
| 653 |
Ключевые слова |
__ |
| a |
Ключевые слова |
Научно-исследовательская работа (НИР) |
| 653 |
Ключевые слова |
__ |
| a |
Ключевые слова |
НИР |
| 653 |
Ключевые слова |
__ |
| a |
Ключевые слова |
Основные методы научных исследований |
| 653 |
Ключевые слова |
__ |
| a |
Ключевые слова |
Методология и методы исследований в области физической культуры и спорта |
| 653 |
Ключевые слова |
__ |
| a |
Ключевые слова |
Методология и организация исследований в физической культуре и спорте |
| 653 |
Ключевые слова |
__ |
| a |
Ключевые слова |
Научно-методическая деятельность в сфере ФК и спорта |
| 653 |
Ключевые слова |
__ |
| a |
Ключевые слова |
Методология и методика исследовательской деятельности в области физической культуры и спорта |
| 653 |
Ключевые слова |
__ |
| a |
Ключевые слова |
Современные методы исследований в науках о физической культуре и спорте |
| 653 |
Ключевые слова |
__ |
| a |
Ключевые слова |
Методология научного педагогического исследования в физической культуре и спорте |
| 653 |
Ключевые слова |
__ |
| a |
Ключевые слова |
Основы исследовательской деятельности в профессиональной сфере |
| 653 |
Ключевые слова |
__ |
| a |
Ключевые слова |
Организация и методика научных исследований |
| 653 |
Ключевые слова |
__ |
| a |
Ключевые слова |
Научно-методическое сопровождение деятельности в физической культуре и спорте |
| 653 |
Ключевые слова |
__ |
| a |
Ключевые слова |
Организация педагогических исследований в физическом воспитании |
| 653 |
Ключевые слова |
__ |
| a |
Ключевые слова |
Педагогические исследования в физической культуре и спорте |
| 653 |
Ключевые слова |
__ |
| a |
Ключевые слова |
Методология научного исследования в области физкультурного образования |
| 653 |
Ключевые слова |
__ |
| a |
Ключевые слова |
Основы научно-методической деятельности в сфере безопасности жизнедеятельности и физической культуры |
| 653 |
Ключевые слова |
__ |
| a |
Ключевые слова |
Методика организации и проведения научного исследования в физической культуре и спорте |
| 653 |
Ключевые слова |
__ |
| a |
Ключевые слова |
Методика оформления результатов исследований в сфере физической культуры и спорта в виде научных работ |
| 653 |
Ключевые слова |
__ |
| a |
Ключевые слова |
Современные методы обработки информации научного исследования в физической культуре и спорте |
| 653 |
Ключевые слова |
__ |
| a |
Ключевые слова |
Методическое обеспечение спортивной подготовки и дополнительных общеобразовательных программ в области физической культуры и спорта |
| 653 |
Ключевые слова |
__ |
| a |
Ключевые слова |
Методическое обеспечение физкультурной и спортивной деятельности с инвалидами и лицами с ограниченными возможностями здоровья |
| 856 |
Электронный адрес документа |
40 |
| n |
Местонахождение сервера |
Юрайт |
| g |
|
Электронная книга |
| q |
Тип электронного формата |
html |
| h |
Имя пользователя |
ЮРАЙТ |
| v |
Часы доступа к ресурсу |
20271231 |
| 2 |
Способ доступа |
Показать документ |
| x |
Служебное примечание |
https://urait.ru/book/cover/308C4800-7AEA-4074-B185-487C5A2D2119 |
| u |
URL |
https://urait.ru/bcode/585483 |
| 856 |
Электронный адрес документа |
48 |
| q |
Тип электронного формата |
cover |
| u |
URL |
https://urait.ru/book/cover/308C4800-7AEA-4074-B185-487C5A2D2119 |
| 911 |
|
__ |
| u |
|
0030=https://urait.ru/bcode/585483 |
| 911 |
|
__ |
| u |
|
073a=9785534076325 |
| u |
|
073d=1309.00 |
| 911 |
|
__ |
| u |
|
106a=s |
| 911 |
|
__ |
| u |
|
900l= |
| 952 |
Тип литературы |
__ |
| i |
Дисциплина |
Методология научного творчества |
| 952 |
Тип литературы |
__ |
| i |
Дисциплина |
Организация научных исследований |
| 952 |
Тип литературы |
__ |
| i |
Дисциплина |
Основы научно-методической деятельности |
| 952 |
Тип литературы |
__ |
| i |
Дисциплина |
Методология научных исследований |
| 952 |
Тип литературы |
__ |
| i |
Дисциплина |
Методы и средства научных исследований |
| 952 |
Тип литературы |
__ |
| i |
Дисциплина |
Методика научных исследований |
| 952 |
Тип литературы |
__ |
| i |
Дисциплина |
Методы научных исследований |
| 952 |
Тип литературы |
__ |
| i |
Дисциплина |
Методика научно-исследовательской работы |
| 952 |
Тип литературы |
__ |
| i |
Дисциплина |
Научно-методическая деятельность |
| 952 |
Тип литературы |
__ |
| i |
Дисциплина |
Философия и методология научного знания |
| 952 |
Тип литературы |
__ |
| i |
Дисциплина |
Методология и методика научных исследований |
| 952 |
Тип литературы |
__ |
| i |
Дисциплина |
Методология и методы организации научного исследования |
| 952 |
Тип литературы |
__ |
| i |
Дисциплина |
Методология научного исследования |
| 952 |
Тип литературы |
__ |
| i |
Дисциплина |
Методология научного познания |
| 952 |
Тип литературы |
__ |
| i |
Дисциплина |
Основы научных исследований |
| 952 |
Тип литературы |
__ |
| i |
Дисциплина |
Основы организации научно-исследовательской работы |
| 952 |
Тип литературы |
__ |
| i |
Дисциплина |
История и методология научных исследований в области спорта |
| 952 |
Тип литературы |
__ |
| i |
Дисциплина |
Методология и методы научного исследования |
| 952 |
Тип литературы |
__ |
| i |
Дисциплина |
Основы исследовательской деятельности |
| 952 |
Тип литературы |
__ |
| i |
Дисциплина |
Организация научно-исследовательской работы |
| 952 |
Тип литературы |
__ |
| i |
Дисциплина |
Основы методологии научного исследования |
| 952 |
Тип литературы |
__ |
| i |
Дисциплина |
Основы научной деятельности студента |
| 952 |
Тип литературы |
__ |
| i |
Дисциплина |
Основы научно-исследовательской работы студентов |
| 952 |
Тип литературы |
__ |
| i |
Дисциплина |
Научно-исследовательская работа |
| 952 |
Тип литературы |
__ |
| i |
Дисциплина |
Методическое обеспечение организации физкультурной и спортивной деятельности |
| 952 |
Тип литературы |
__ |
| i |
Дисциплина |
Научные исследования в области физической культуры и спорта |
| 952 |
Тип литературы |
__ |
| i |
Дисциплина |
Основы научно-методической деятельности в физической культуре и спорте |
| 952 |
Тип литературы |
__ |
| i |
Дисциплина |
Основы научной деятельности |
| 952 |
Тип литературы |
__ |
| i |
Дисциплина |
Методология и методика научного исследования |
| 952 |
Тип литературы |
__ |
| i |
Дисциплина |
Основы научно-исследовательской деятельности |
| 952 |
Тип литературы |
__ |
| i |
Дисциплина |
Основы научного исследования |
| 952 |
Тип литературы |
__ |
| i |
Дисциплина |
НИР: научно-исследовательская работа |
| 952 |
Тип литературы |
__ |
| i |
Дисциплина |
Организация учебно-исследовательской работы (адаптивный спорт) |
| 952 |
Тип литературы |
__ |
| i |
Дисциплина |
Организация учебно-исследовательской работы (физкультурное образование) |
| 952 |
Тип литературы |
__ |
| i |
Дисциплина |
Организация учебно-исследовательской работы (физкультурно-оздоровительные технологии) |
| 952 |
Тип литературы |
__ |
| i |
Дисциплина |
Основы методологии научных исследований |
| 952 |
Тип литературы |
__ |
| i |
Дисциплина |
Научно-педагогические исследования в области физической культуры |
| 952 |
Тип литературы |
__ |
| i |
Дисциплина |
Основы научно-исследовательской работы |
| 952 |
Тип литературы |
__ |
| i |
Дисциплина |
Методика научно-исследовательской работы студентов |
| 952 |
Тип литературы |
__ |
| i |
Дисциплина |
Организация научно-исследовательской деятельности |
| 952 |
Тип литературы |
__ |
| i |
Дисциплина |
Основы организации научных исследований |
| 952 |
Тип литературы |
__ |
| i |
Дисциплина |
Научно-исследовательская деятельность |
| 952 |
Тип литературы |
__ |
| i |
Дисциплина |
Методы и методология научного исследования |
| 952 |
Тип литературы |
__ |
| i |
Дисциплина |
Организация и методология научных исследований |
| 952 |
Тип литературы |
__ |
| i |
Дисциплина |
Научные исследования |
| 952 |
Тип литературы |
__ |
| i |
Дисциплина |
Методы научных исследований в спорте |
| 952 |
Тип литературы |
__ |
| i |
Дисциплина |
Философия и методология научных исследований |
| 952 |
Тип литературы |
__ |
| i |
Дисциплина |
Теория и методология научного исследования |
| 952 |
Тип литературы |
__ |
| i |
Дисциплина |
Организация и методология научного исследования |
| 952 |
Тип литературы |
__ |
| i |
Дисциплина |
Философия и методология научных |
| 952 |
Тип литературы |
__ |
| i |
Дисциплина |
Научно-методическая деятельность в физической культуре и спорте |
| 952 |
Тип литературы |
__ |
| i |
Дисциплина |
Современные методы научных исследований в физической культуре и спорте |
| 952 |
Тип литературы |
__ |
| i |
Дисциплина |
Методология и методы научных исследований в физической культуре и массовом спорте |
| 952 |
Тип литературы |
__ |
| i |
Дисциплина |
Методология и организация научных исследований |
| 952 |
Тип литературы |
__ |
| i |
Дисциплина |
Методика и методология научного исследования |
| 952 |
Тип литературы |
__ |
| i |
Дисциплина |
Теория и методика научных исследований |
| 952 |
Тип литературы |
__ |
| i |
Дисциплина |
Основы научно-методической деятельности в физической культуре |
| 952 |
Тип литературы |
__ |
| i |
Дисциплина |
Информационные технологии в научно- исследовательской деятельности в физической культуре и спорте |
| 952 |
Тип литературы |
__ |
| i |
Дисциплина |
Научно-исследовательская деятельность в области физической культуры |
| 952 |
Тип литературы |
__ |
| i |
Дисциплина |
Основы научно-методической деятельности в сфере физической культуры и спорта |
| 952 |
Тип литературы |
__ |
| i |
Дисциплина |
Методология и Организация научного исследования |
| 952 |
Тип литературы |
__ |
| i |
Дисциплина |
Основы методики научных исследований |
| 952 |
Тип литературы |
__ |
| i |
Дисциплина |
Научно-методическое сопровождение образовательного и тренировочного процесса в сфере физической культуры и спорта |
| 952 |
Тип литературы |
__ |
| i |
Дисциплина |
История и методология образования в области физической культуры |
| 952 |
Тип литературы |
__ |
| i |
Дисциплина |
Методология и методика научных исследований в области физической культуры |
| 952 |
Тип литературы |
__ |
| i |
Дисциплина |
Методология научных исследований в образовании в области физической культуры |
| 952 |
Тип литературы |
__ |
| i |
Дисциплина |
Теория и методология научного проекта |
| 952 |
Тип литературы |
__ |
| i |
Дисциплина |
Основа научных исследований |
| 952 |
Тип литературы |
__ |
| i |
Дисциплина |
Основы НИР |
| 952 |
Тип литературы |
__ |
| i |
Дисциплина |
Методология научно-исследовательской деятельности |
| 952 |
Тип литературы |
__ |
| i |
Дисциплина |
Основы организационно-методической деятельности в физической культуре и спорте |
| 952 |
Тип литературы |
__ |
| i |
Дисциплина |
Философия и методология научно-исследовательской деятельности |
| 952 |
Тип литературы |
__ |
| i |
Дисциплина |
Методы и методология научного исследования в сфере физической культуры и спорта |
| 952 |
Тип литературы |
__ |
| i |
Дисциплина |
Научно-исследовательская деятельность в спорте |
| 952 |
Тип литературы |
__ |
| i |
Дисциплина |
Научно-исследовательская деятельность в физической культуре и спорте |
| 952 |
Тип литературы |
__ |
| i |
Дисциплина |
Научно-исследовательская работа (НИР) |
| 952 |
Тип литературы |
__ |
| i |
Дисциплина |
НИР |
| 952 |
Тип литературы |
__ |
| i |
Дисциплина |
Основные методы научных исследований |
| 952 |
Тип литературы |
__ |
| i |
Дисциплина |
Методология и методы исследований в области физической культуры и спорта |
| 952 |
Тип литературы |
__ |
| i |
Дисциплина |
Методология и организация исследований в физической культуре и спорте |
| 952 |
Тип литературы |
__ |
| i |
Дисциплина |
Научно-методическая деятельность в сфере ФК и спорта |
| 952 |
Тип литературы |
__ |
| i |
Дисциплина |
Методология и методика исследовательской деятельности в области физической культуры и спорта |
| 952 |
Тип литературы |
__ |
| i |
Дисциплина |
Современные методы исследований в науках о физической культуре и спорте |
| 952 |
Тип литературы |
__ |
| i |
Дисциплина |
Методология научного педагогического исследования в физической культуре и спорте |
| 952 |
Тип литературы |
__ |
| i |
Дисциплина |
Основы исследовательской деятельности в профессиональной сфере |
| 952 |
Тип литературы |
__ |
| i |
Дисциплина |
Организация и методика научных исследований |
| 952 |
Тип литературы |
__ |
| i |
Дисциплина |
Научно-методическое сопровождение деятельности в физической культуре и спорте |
| 952 |
Тип литературы |
__ |
| i |
Дисциплина |
Организация педагогических исследований в физическом воспитании |
| 952 |
Тип литературы |
__ |
| i |
Дисциплина |
Педагогические исследования в физической культуре и спорте |
| 952 |
Тип литературы |
__ |
| i |
Дисциплина |
Методология научного исследования в области физкультурного образования |
| 952 |
Тип литературы |
__ |
| i |
Дисциплина |
Основы научно-методической деятельности в сфере безопасности жизнедеятельности и физической культуры |
| 952 |
Тип литературы |
__ |
| i |
Дисциплина |
Методика организации и проведения научного исследования в физической культуре и спорте |
| 952 |
Тип литературы |
__ |
| i |
Дисциплина |
Методика оформления результатов исследований в сфере физической культуры и спорта в виде научных работ |
| 952 |
Тип литературы |
__ |
| i |
Дисциплина |
Современные методы обработки информации научного исследования в физической культуре и спорте |
| 952 |
Тип литературы |
__ |
| i |
Дисциплина |
Методическое обеспечение спортивной подготовки и дополнительных общеобразовательных программ в области физической культуры и спорта |
| 952 |
Тип литературы |
__ |
| i |
Дисциплина |
Методическое обеспечение физкультурной и спортивной деятельности с инвалидами и лицами с ограниченными возможностями здоровья |